000 00991nam a2200229Ia 4500
003 OSt
005 20241119110307.0
008 210719s2006 xx 000 0 und d
040 _cAL
041 _aKonkani
082 _a891.468 REGJ
100 _aREGO (Gladys)
_9168611
_dಗ್ಲೇಡಿಸ್ ರೇಗೊ
245 _aJalalli vat: Father Valeriyan Soj (SJ); jivan charitra.
_bಜಳ್ ಲ್ಲಿ ವಾತ್: ಫಾ ವಲೇರಿಯನ್ ಸೊಜ್ (ಜೆ.ಸ) ಜೀವನ್ ಚರಿತ್ರಾ
260 _aMangalore
_bInstitute of Konkani St Aloysius College ಕೊಂಕಣಿ ಸಂಸ್ಥೊ ಸಾಂತ್‌ ಲುವಿಸ್‌ ಕೊಲೆಜ್‌
_c2006
300 _aviii,159
_bPB
365 _b50
_cRs
650 _aKonkani Miscellaneous
_9168612
650 _aBiography
_9168651
650 _a ಜೀವನ್‌ ಚರಿತ್ರಾ /A life history of Fr. Valerian D’Souza
_9168666
906 _aValeriyan Souza (S J)
942 _2ddc
_cBK
999 _c214019
_d214019